Préfectures françaises dont le nom contient XYZ - Statistiques

Statistiques générales
  • Ce quiz a été pris 150 fois
  • Le résultat moyen est 13 sur 21
Statistiques - réponses
Hint Réponse % Correct
Gironde Bordeaux
83%
Yonne Auxerre
79%
Rhône Lyon
75%
Meurthe-et-Moselle Nancy
75%
Savoie Chambéry
74%
Moselle Metz
74%
Haute-Savoie Annecy
69%
Ariège Foix
69%
Vendée La Roche-sur-Yon
66%
Haute-Loire Le Puy-en-Velay
64%
Aveyron Rodez
63%
Eure Évreux
61%
Mayotte Mamoudzou
61%
Indre Châteauroux
60%
Seine-Saint-Denis Bobigny
58%
Guyane Cayenne
58%
Essonne Évry-Courcouronnes
57%
Aube Troyes
57%
Ardennes Charleville-Mézières
46%
Dordogne Périgueux
46%
Val-d'Oise Cergy-Pontoise
42%
Aucun quiz correspondant
Distribution des résultats
% des personnes avec chaque résultat
Percentile par nombre de réponses
Votre historique - résultats
Vous n’avez pas pris ce quiz